Anecdotal history of the science of sound to the beginning of the 20th century /

Bibliographic Details
Main Author: Miller, Dayton Clarence, 1866-1941
Format: Book
Language:English
Published: New York : The Macmillan company, 1935.
Subjects:

MARC

Tag First Indicator Second Indicator Subfields
LEADER 00000cam a2200000 4500
001 in00000046013
005 20151007065257.0
008 730110s1935 nyu b 00000 eng u
010 |a  35014519  
035 |a (OCoLC)00534943 
035 |9 AAE1664AM 
040 |c WSU  |d TXA  |d UtOrBLW 
049 |a TXAM  |c [75509] 
050 0 |a QC225  |b .M56 
092 |a 534  |b M647a 
100 1 |a Miller, Dayton Clarence,  |d 1866-1941. 
245 1 0 |a Anecdotal history of the science of sound to the beginning of the 20th century /  |c by Dayton CLarence Miller ... 
264 1 |a New York :  |b The Macmillan company,  |c 1935. 
300 |a 114 pages 
336 |a text  |b txt  |2 rdacontent 
337 |a unmediated  |b n  |2 rdamedia 
338 |a volume  |b nc  |2 rdacarrier 
504 |a Bibliography: pages 101-107. 
650 0 |a Sound. 
999 |a MARS 
999 f f |s aab3fcd8-09ef-39b9-b11c-cf0fcaeefff1  |i 05743e30-2a88-3919-8ac7-4f941291aef5  |t 0 
952 f f |p ric  |a Texas A&M University  |b Rellis Campus  |c Joint Library Facility  |d Remote Storage  |t 0  |e QC225 .M56  |h Library of Congress classification  |i unmediated -- volume  |m A14800915781 
998 f f |a QC225 .M56  |t 0  |l Remote Storage